Полевое военно-инженерное искусство. Кн. 2: Военные сообщения | Лагерные постройки | Сведения об устройстве, атаке и обороне долговременных укреплений (Запись № 3304518)

Подробности
000 -МАРКЕР
контрольное поле 01640nam2a22002771 4500
001 - ИДЕНТИФИКАТОР ЗАПИСИ
контрольное поле v19\rc\1518698
005 - ИДЕНТИФИКАТОР ВЕРСИИ
контрольное поле 20250618171214.0
035 ## - ДРУГИЕ СИСТЕМНЫЕ НОМЕРА
Идентификатор записи (NLR Aleph) 004641795
100 ## - ДАННЫЕ ОБЩЕЙ ОБРАБОТКИ
Данные общей обработки 20060620d1886 |||y0rusy50 ca
101 0# - ЯЗЫК РЕСУРСА
Язык текста, звукозаписи и т.д. русский
102 ## - СТРАНА ПУБЛИКАЦИИ ИЛИ ПРОИЗВОДСТВА
Страна публикации Российская Федерация
105 ## - ПОЛЕ КОДИРОВАННЫХ ДАННЫХ: ТЕКСТОВЫЕ МАТЕРИАЛЫ, МОНОГРАФИЧЕСКИЕ
Кодированные данные о монографическом текстовом документе a z |||||
200 1# - ЗАГЛАВИЕ И СВЕДЕНИЯ ОБ ОТВЕТСТВЕННОСТИ
Основное заглавие Военные сообщения
-- Лагерные постройки
-- Сведения об устройстве, атаке и обороне долговременных укреплений
210 ## - ПУБЛИКАЦИЯ, РАСПРОСТРАНЕНИЕ И ДР.
Дата издания, распространения и т.д. 1886
Место издания, распространения и т.д. Б. м.
215 ## - ФИЗИЧЕСКАЯ ХАРАКТЕРИСТИКА
Специфическое обозначение материала и объем VIII, [2], 192 с., 4 л. черт.
Другие сведения о физической характеристике черт.
461 #0 - УРОВЕНЬ НАБОРА
Встроенное поле 001v19\rc\1518696
-- 2001#$aПолевое военно-инженерное искусство$e(руководство фортификации для юнкерских уч-щ)$fсост. воен. инж.-полк. А. Плюцинский$vКн. 2
-- 700#1$3RU\NLR\AUTH\7785747$7ca$aПлюцинский$bА. Ф.$f1844-1900$gАлександр Федорович$4220
Системный номер (АБИС) связанной записи 5632363
Автор Плюцинский, А. Ф. (1844-1900)
Место публикации С.-Петербург
Дата публикации 1885-1886
Издание Новое (3-е) изд.
Первые сведения об ответственности сост. воен. инж.-полк. А. Плюцинский
Имя издателя, распространителя и т.д. Типография М.М. Стасюлевича
Сведения, относящиеся к заглавию (руководство фортификации для юнкерских уч-щ)
Заглавие Полевое военно-инженерное искусство
Номер тома Кн. 2
801 #0 - ИСТОЧНИК ЗАПИСИ
Страна Российская Федерация
Организация NLR
Правила каталогизации psbo
801 #0 - ИСТОЧНИК ЗАПИСИ
Страна Российская Федерация
Организация RuMoRGB
Источник данных psbo
801 #1 - ИСТОЧНИК ЗАПИСИ
Страна Российская Федерация
Организация ProSoft-M
Источник данных rusmarc
852 ## - МЕСТОНАХОЖДЕНИЕ И ШИФР ХРАНЕНИЯ
Идентификатор организации NLR
Шифр хранения (Call Number) 18.206.7.7
899 ## - ДАННЫЕ О МЕСТОНАХОЖДЕНИИ (устаревшее)
Местонахождение RuMoRGB
Шифр хранения T 23/513
899 ## - ДАННЫЕ О МЕСТОНАХОЖДЕНИИ (устаревшее)
Местонахождение RuMoRGB
Шифр хранения Δ 346/33
899 ## - ДАННЫЕ О МЕСТОНАХОЖДЕНИИ (устаревшее)
Местонахождение RuMoRGB
Шифр хранения Δ 57/108
942 ## - ДОПОЛНИТЕЛЬНЫЕ ЭЛЕМЕНТЫ ЗАПИСИ (АБИС)
Тип экземпляра АБИС Книга
980 ## - КОЛЛЕКЦИЯ
Название коллекции Национальная библиография
Экземпляры
Тип экземпляра Дата поступления Библиотека постоянного хранения Библиотека текущего хранения Место хранения Шифр хранения Штрих-код Статус экземпляра
Книга 26.10.2013 РНБ (Садовая) РНБ (Садовая) Русский книжный фонд -Главное здание, Ленинский читальный зал 18.206.7.7 4641795-10